Бохемия'97 (Запис номер 15832)
[ съкратено ]
| 000 -Лидер | |
|---|---|
| Контролно поле с фиксирана дължина | 01990nam a2200385 c 4500 |
| 003 - Код на организацията, давaща контролен номер | |
| Контролно поле | BLK |
| 005 - Дата и час на последна редакция | |
| Контролно поле | 20180422094716.0 |
| 008 - Елементи от данни с фиксирана дължина | |
| fixed length control field | 180413b bul|||||r ||||||| ||bul|| |
| 010 ## - Наследен системен номер | |
| LC control number | KNG00017638000 |
| 020 ## - Международен стандартен номер на книга ISBN | |
| Международен стандартен номер на книга ISBN | 954-07-1089-8 |
| -- | издат.: Унив. изд. Св. Климент Охридски |
| 040 ## - Източник на каталожния запис | |
| Идентификатор на билиотеката - собственик на записа | BLK |
| 041 ## - Код за език | |
| Код за езика на текст/звукозапис или на отделно заглавие | Български |
| Код за езика КДБФ | Български |
| Други езици | Чешки |
| 080 ## - УДК | |
| Текстов определител УДК | Българска литература |
| УДК код - определител по УДК | 821.163.2 |
| УДК определител | .091 |
| УДК - код + определител | 821.163.2.091 |
| 080 ## - УДК | |
| Текстов определител УДК | Чешка литература |
| УДК код - определител по УДК | 821.162.3 |
| УДК определител | .091 |
| УДК - код + определител | 821.162.3.091 |
| 139 ## - Редно поле | |
| Редна дума | Бохемия'97 |
| Авторски знак | Ботев, Хр. - Б 70 |
| 245 10 - Сведения за заглавието | |
| Заглавие | Бохемия'97 |
| Подзаглавни данни | Алманах |
| Редно поле (дума) | състав. Величко Светославов Тодоров; под ред. на Янко Константинов Бъчваров. |
| 257 ## - Страна на издаване | |
| Страна на създаване/издаване | България |
| 260 ## - Област на издателските данни | |
| -- | София |
| Име на издателя, разпространителя и проч. | Унив. изд. Св. Климент Охридски |
| Година на издаване | 1997 |
| 300 ## - Физическа характеристика | |
| Страници | 255 с. |
| Илюстрации и др. | с ил., портр. |
| Размери/Мащаб | 20 см |
| 380 ## - Жанр | |
| Жанр | Литературознание |
| 500 ## - Общи забележки | |
| Забележка | Изд. на Бохемия клуб. - Офс. изд. - Текст и на чеш. ез. - Кн. е съвместно изд. на бълг. и чеш. авт. - 200 тир. - Библиогр. след отд. материали. - Кн. е посветена на 150-год. от смъртта на Йозеф Юнгман и 50-год. от създаването на Инст. за чеш. лит. в Прага. |
| 650 #4 - Допълнително описание по предмет – тема | |
| Основно описание – тема или топоним | Българско-чешки литературни връзки |
| 9 (RLIN) | 254847 |
| 650 #4 - Допълнително описание по предмет – тема | |
| Основно описание – тема или топоним | Чешко-български литературни връзки |
| 9 (RLIN) | 251390 |
| 653 ## - Ключова дума – ненормативна | |
| Ключова дума | литература |
| 653 ## - Ключова дума – ненормативна | |
| Ключова дума | алманаси |
| 653 ## - Ключова дума – ненормативна | |
| Ключова дума | България |
| 653 ## - Ключова дума – ненормативна | |
| Ключова дума | Чехия |
| 700 1# - Други автори (авторска отговорност) | |
| Лично име | Тодоров, Величко Светославов |
| Автороска отговорност (Описва отношението между автора и произведението) | състав. |
| 9 (RLIN) | 364121 |
| 700 1# - Други автори (авторска отговорност) | |
| Лично име | Бъчваров, Янко Константинов |
| Автороска отговорност (Описва отношението между автора и произведението) | под ред. на |
| 9 (RLIN) | 364703 |
| 852 ## - Местоположение | |
| Форматна сигнатура | Цб 192982 |
| 856 4# - Електронен адрес и достъп | |
| Електронен формат | pdf - файл |
| Път до файла /url/ | |
| 856 4# - Електронен адрес и достъп | |
| Електронен формат | pdf - файл |
| Път до файла /url/ | |
| 942 ## - АРТИКУЛИ | |
| Вид на библиотечния материал | Книги |
| Скрит в OPAC | Не |
| 944 ## - СЪЗДАВАНЕ И РЕДАКЦИЯ на ЗАПИСА | |
| Създаване/Редакция | Създаване |
| Дата на регистрацията/редакция | 15.01.2003 |
| Служител, извършил регистрацията/редакцията | Кети_Илиева |
| 944 ## - СЪЗДАВАНЕ И РЕДАКЦИЯ на ЗАПИСА | |
| Създаване/Редакция | Редакция |
| Дата на регистрацията/редакция | 03.07.2013 |
| Служител, извършил регистрацията/редакцията | |
| 999 ## - СИСТЕМНИ КОНТРОЛНИ НОМЕРА | |
| Koha biblionumber | 15832 |
| Koha biblioitemnumber | 15832 |
| Код за отписване | Код за изгубен артикул | Източник на класификационната схема | Код за повреда | Коз за рестрикции | Код за отдаване | Артикулен № | Име на библиотеката - собственик | Име на библиотеката, в която се намира в момента | Статус (Текущо местоположение) | Дата на вписване в системата | Местоположение - отдел | Цена в лева | Инвентарен номер | Систематично азбучна сигнатура | Баркод | Номер на екземпляра | Цена в евро | Служебна бележка | Служебен тип на артикула |
|---|---|---|---|---|---|---|---|---|---|---|---|---|---|---|---|---|---|---|---|
| Не е изгубен | Universal Decimal Classification | Не е повреден | без рестрикции | ползва се в читалня | 26810 | Регионална библиотека "Любен Каравелов" Русе | Регионална библиотека "Любен Каравелов" Русе | Хранилище | 1997-01-01 | Хранилище | 0.00 | 632896 | Цб 192982 | 120000632896 | 1 | 0.00 | Вид: Сф Дата: 01.01.1997 | Книги |